|
|
|
|
| LEADER |
01383nam a22003254a 4500 |
| 001 |
5352 |
| 003 |
BD-DhAAL |
| 005 |
20230410142148.0 |
| 008 |
151003s2003 enk b 001 0 eng |
| 010 |
|
|
|a 2002154764
|
| 020 |
|
|
|a 8175542489
|
| 020 |
|
|
|a 0749439386
|
| 040 |
|
|
|a DLC
|c DLC
|d DLC
|d BD-DhAAL
|
| 082 |
0 |
0 |
|a 658.4012
|2 21
|
| 100 |
1 |
|
|a Sadler, Philip,
|d 1930-
|9 15052
|
| 245 |
1 |
0 |
|a Strategic management /
|c Philip Sadler.
|
| 250 |
|
|
|a Second Edition
|
| 260 |
|
|
|a London ;
|a Sterling, VA ;
|a India :
|b Kogan Page,
|c 2003,
|c 2004.
|
| 300 |
|
|
|a viii, 272 pages ;
|c 24 cm.
|
| 490 |
1 |
|
|a MBA masterclass
|
| 500 |
|
|
|a Rev. ed. of: Strategic management / James C. Craig. 1st ed. 1993.
|
| 504 |
|
|
|a Includes bibliographical references (p. [256]-262) and index.
|
| 541 |
|
|
|a Donated by Akbar Ali Khan
|e 5352, 41107
|
| 650 |
|
0 |
|a Strategic planning.
|9 15053
|
| 700 |
1 |
|
|a Craig, James C.
|t Strategic management.
|9 15054
|
| 830 |
|
0 |
|a MBA masterclass series.
|9 15055
|
| 942 |
|
|
|2 ddc
|c BK
|
| 999 |
|
|
|c 35663
|d 35663
|
| 952 |
|
|
|0 0
|1 0
|2 ddc
|4 0
|6 658_400000000000000_012_SAD
|7 0
|9 56081
|a SCL
|b SCL
|c GEN
|d 2015-10-03
|g 558.00
|l 0
|o 658.4012 SAD
|p 3020005352
|r 2015-10-03
|t 1
|w 2015-10-03
|y BK
|
| 952 |
|
|
|0 0
|1 0
|2 ddc
|4 0
|6 658_401200000000000_SAD
|7 1
|9 73530
|a BRACUL
|b BRACUL
|c AAKC
|d 2023-04-10
|e Donated by Akbar Ali Khan
|g 558.00
|l 0
|o 658.4012 SAD
|p 3010041107
|r 2023-04-10
|t 2
|w 2023-04-10
|y BK
|x Price available in book
|